Basic Circuit Analysis (Record no. 1584)
[ view plain ]
| 000 -LEADER | |
|---|---|
| fixed length control field | 00418nam a2200169Ia 4500 |
| 008 - FIXED-LENGTH DATA ELEMENTS--GENERAL INFORMATION | |
| fixed length control field | 221030s9999 xx 000 0 und d |
| 020 ## - INTERNATIONAL STANDARD BOOK NUMBER | |
| ISBN | 8172247729 |
| 041 ## - LANGUAGE CODE | |
| Language code of text/sound track or separate title | |
| 082 ## - DEWEY DECIMAL CLASSIFICATION NUMBER | |
| Classification number | 105.23 |
| Item number | Mur |
| 100 ## - MAIN ENTRY--AUTHOR NAME | |
| Personal name | K. V. V. Murthy |
| 245 #0 - TITLE STATEMENT | |
| Title | Basic Circuit Analysis |
| Statement of responsibility, etc | by K. V. V. Murthy, M. S. Kamath |
| 260 ## - PUBLICATION, DISTRIBUTION, ETC. (IMPRINT) | |
| Name of publisher | Jaico Pub. |
| Place of publication | Mumbai |
| Year of publication | 1999 |
| 300 ## - PHYSICAL DESCRIPTION | |
| Number of Pages | 615 |
| 650 ## - SUBJECT ADDED ENTRY--TOPICAL TERM | |
| Topical Term | EE |
| 700 ## - ADDED ENTRY--PERSONAL NAME | |
| Personal name | M. S. Kamath |
| 942 ## - ADDED ENTRY ELEMENTS (KOHA) | |
| Koha item type | Books |
| Accession Number | Cost, normal purchase price | Full call number | Price effective from | Koha item type | Withdrawn / writtenoff status | Materials specified (bound volume or other part) | Damaged status | Not for loan | Permanent Location | Current Location | Shelving location | Date acquired | Lost/ Missing status | department |
|---|---|---|---|---|---|---|---|---|---|---|---|---|---|---|
| BE 1540 | 195.00 | 105.23 Mur | 10/30/2022 | Books | MIET Library, Jammu | MIET Library, Jammu | BL-Academic Block A, FL-1, CUP-36, SH-6, R-6 | 05/08/2000 | BE | |||||
| BE 1539 | 195.00 | 105.23 Mur | 10/30/2022 | Books | MIET Library, Jammu | MIET Library, Jammu | BL-Academic Block A, FL-1, CUP-36, SH-6, R-6 | 05/08/2000 | BE | |||||
| BE 3179 | 195.00 | 105.23 Mur | 10/30/2022 | Books | MIET Library, Jammu | MIET Library, Jammu | BL-Academic Block A, FL-1, CUP-36, SH-6, R-6 | 03/23/2001 | BE | |||||
| BE 497 | 195.00 | 105.23 Mur | 10/30/2022 | Books | Not For Loan | MIET Library, Jammu | MIET Library, Jammu | BL-Second, FL-1, CUP-24, SH-4, R-4 | 11/11/1999 | BE |